| 000 | 00466nam a2200169 a 4500 | ||
|---|---|---|---|
| 001 | 1518 | ||
| 003 | CDMR | ||
| 005 | 20131007111224.0 | ||
| 008 | 130130s1971||||||||||||||||||||||||||||d | ||
| 040 |
_aCDMR _bcat _cCDMR |
||
| 100 | 1 |
_aGaziel _949 |
|
| 245 | 1 | 0 |
_aHistòria de "La Vanguardia" (1884-1936) _cGaziel |
| 260 |
_aParis _c1971 _bEdicions Catalanes de París |
||
| 490 | 0 |
_aFrontera Oberta _v4 |
|
| 610 | 2 |
_91150 _aLa Vanguardia (Diari) _xHistòria |
|
| 942 |
_cMON _2udc |
||
| 999 |
_c1518 _d1518 |
||